Sustainable Urban Development and Governance: (Record no. 115226)

MARC details
000 -LEADER
fixed length control field 00811cam a22002535a 4500
001 - CONTROL NUMBER
control field L158259
008 - FIXED-LENGTH DATA ELEMENTS--GENERAL INFORMATION
fixed length control field 130129s2014 xxk f 000 0 eng d
035 ## - SYSTEM CONTROL NUMBER
System control number (Sirsi) u158259
041 0# - LANGUAGE CODE
Language code of text/sound track or separate title eng
050 04 - LIBRARY OF CONGRESS CALL NUMBER
Classification number 711.1 $2 18
100 1# - MAIN ENTRY--PERSONAL NAME
Personal name Dadson, James Ebenezer Kobina
245 00 - TITLE STATEMENT
Title Sustainable Urban Development and Governance:
Remainder of title Ghana in context
260 ## - PUBLICATION, DISTRIBUTION, ETC.
Place of publication, distribution, etc. Accra
Name of publisher, distributor, etc. Ghana Institution of Surveyors
Date of publication, distribution, etc. 2014
300 ## - PHYSICAL DESCRIPTION
Extent 15p.
Dimensions 30cm.
490 #0 - SERIES STATEMENT
Series statement Presidential Lecture
520 ## - SUMMARY, ETC.
Summary, etc. Presentation on sustainable urban development and governance with a focus on the surveying profession and Ghana.
521 ## - TARGET AUDIENCE NOTE
Target audience note Advanced
590 ## - LOCAL NOTE (RLIN)
Local note KA
651 #4 - SUBJECT ADDED ENTRY--GEOGRAPHIC NAME
Geographic name Ghana
690 ## - LOCAL SUBJECT ADDED ENTRY--TOPICAL TERM (OCLC, RLIN)
Topical term or geographic name as entry element Planning and development
9 (RLIN) 6259
690 ## - LOCAL SUBJECT ADDED ENTRY--TOPICAL TERM (OCLC, RLIN)
Topical term or geographic name as entry element Sustainability
9 (RLIN) 6271
710 1# - ADDED ENTRY--CORPORATE NAME
Corporate name or jurisdiction name as entry element Ghana Institution of Surveyors
9 (RLIN) 1872
942 ## - ADDED ENTRY ELEMENTS (KOHA)
Suppress in OPAC 0
Holdings
Withdrawn status Lost status Source of classification or shelving scheme Damaged status Not for loan Home library Current library Shelving location Date acquired Total Checkouts Full call number Barcode Date last seen Copy number Price effective from Koha item type
    Dewey Decimal Classification     London London Books 14/11/2014   F711.1 DAD 30075317 06/08/2019 1 06/08/2019 Book